A disputamozgalom és a vita mint oktatási módszertan története, fejlődése a középfokú oktatásban
| Szerző: | |
|---|---|
| További közreműködők: | |
| Dokumentumtípus: | Diplomadolgozat |
| Kulcsszavak: | középiskolák oktatásmódszertan oktatástörténet tanárképzés vita |
| Online Access: | http://dolgozattar.uni-bge.hu/60170 |
MARC
| LEADER | 00000nta a2200000 i 4500 | ||
|---|---|---|---|
| 001 | dolg60170 | ||
| 005 | 20260409150100.0 | ||
| 008 | 260409suuuu hu om 000 hun d | ||
| 040 | |a BGE Dolgozattár Repozitórium |b hun | ||
| 041 | |a hu | ||
| 100 | 1 | |a Fodor Sándor | |
| 245 | 1 | 2 | |a A disputamozgalom és a vita mint oktatási módszertan története, fejlődése a középfokú oktatásban |c Fodor Sándor |h [elektronikus dokumentum] |
| 520 | 3 | |a Szakdolgozatomban a disputamozgalom és a vita mint oktatási módszertan magyarországi történetét és fejlődésétmutatom be a rendszerváltástól napjainkig. Ismertetésre kerülnek a különböző vita-típusok, azok iskolai vagy versenyhasználata, a főbb mozgalmak és csoportosulások, akik a vita módszertanával foglalkoznak, illetve röviden a külföldi szakirodalom is említésre kerül. Mindezek mellett javaslatokkal élek a módszertan kiemeltebb középiskolai használata mellett, valamint, hogy a tanárképzésben is jobban előtérbe kerüljön a disputa megismertetése. | |
| 695 | |a középiskolák | ||
| 695 | |a oktatásmódszertan | ||
| 695 | |a oktatástörténet | ||
| 695 | |a tanárképzés | ||
| 695 | |a vita | ||
| 700 | 1 | |a Popcsa Anna Mária |e ths | |
| 856 | 4 | 0 | |u http://dolgozattar.uni-bge.hu/60170/1/FodorSandor_Szakdolgozat_Portf%C3%B3li%C3%B3.pdf |z Dokumentum-elérés |
| 856 | 4 | 0 | |u http://dolgozattar.uni-bge.hu/60170/2/Fodor_S%C3%A1ndor_MA_k%C3%BCls%C5%91_b%C3%ADr%C3%A1lat.pdf |z Dokumentum-elérés |
| 856 | 4 | 0 | |u http://dolgozattar.uni-bge.hu/60170/3/Fodor%20S.%20.pdf |z Dokumentum-elérés |